000 00901nmc a2200337 a 4500
003 AR-BaBNM
005 20251128205941.0
008 098019s1995 ||||||||||||||000 | spa||
040 _cAR-BaBNM
100 1 _aRodoreda, Mercè
245 1 0 _aLa plaza de diamante
_bguía de trabajo para el profesor. 2
260 _aBuenos Aires
_bSudamericana
_c1995
300 _a37 p.
490 0 _aSudamericana joven. Novela
500 _aReferencias bibliográficas en p. 37
650 4 _aLITERATURA ESPANOLA
650 4 _aCRITICA LITERARIA
650 4 _aMATERIAL DIDACTICO
650 4 _aACTIVIDADES DE APRENDIZAJE
650 4 _aANALISIS LITERARIO
650 4 _aGUERRA CIVIL
650 4 _aESCRITORES
650 4 _aNOVELAS
651 4 _aEspaña
655 _aLITERATURA
700 1 _aGrosso, Marcela
700 1 _aMoreno, Claudia
800 0 _aCanela
942 _cBK
998 _cMARTIN
999 _c13442
_d13442